Statistiques concernant Les plus grandes villes d'Amérique du Nord A-Z

Cliquez ici pour prendre le quiz!

Statistiques générales

  • Ce quiz a été pris 104 fois
  • Le résultat moyen est 13 sur 22

Statistiques - réponses

LettresVilles% Correct
NNew York | Nashville
95%
LLos Angeles | Las Vegas
92%
MMéxico | Miami
91%
DDenver | Détroit
82%
CChicago | Cleveland
80%
BBoston | Birmingham
78%
TToronto | Tegucigalpa
76%
AAtlanta | Austin
72%
PPhiladelphie | Phoenix
69%
HHouston | Hartford
63%
IIndianapolis | Inglewood
59%
OOrlando | Oklahoma City
59%
VVancouver | Veracruz
58%
SSeattle | Saint-Domingue
55%
JJacksonville | Jackson
44%
KKansas City | Kingston
44%
GGuatemala | Guadalajara
43%
EEdmonton | El Paso
39%
QQuerétaro | Québec
30%
WWinnipeg | Wichita
22%
FFresno | Fort Worth
20%
RRichmond | Rochester
10%

Distribution des résultats

Percentile par nombre de réponses

% des personnes avec chaque résultat

Votre développement - résultats

Vous n’avez pas pris ce quiz